000 00850nam a2200241 i 4500
001 14915
003 ES-MaACL
005 20230906150932.0
007 t|
008 991118s1998 sp ||||1| spa d
020 _a84-376-1684-0
080 _a821.161.1-31"19"
100 1 _aPlatonov, Andreï Platonovich.
_992604
245 1 0 _aChevengur
_b: viaje con el corazón propicio /
_cAndréi Platónov ; edición de Vicente Cazcarra y Helena S. Kriúkova ; traducción de Vicente Cazcarra y Helena S. Kriúkova.
260 _aMadrid :
_bCátedra,
_c1998.
300 _a533 p. :
_bret. del autor ;
_c18 cm.
490 1 _aLetras universales ;
_v270
700 1 _aCazcarra, Vicente.
_937234
700 1 _aKriúkova, Helena S.
_968868
830 0 _aLetras universales ;
_v270
_9178013
852 _aES-MaACL
_jL-22265
_bR.127547
999 _c14915
_d14915